České účtovné štandardy a ich rámcové porovnanie so slovenskou legislatívou diplomová práca

Na minha lista:
Detalhes bibliográficos
Autor principal: Geffert, Tomáš
Autor Corporativo: Fakulta hospodárskej informatiky EU. Katedra účtovníctva a audítorstva
Outros Autores: Tumpach, Miloš, 1970-
Formato: Livro
Idioma:eslovaco
Publicado em: Bratislava 2012
Tags: Adicionar Tag
Sem tags, seja o primeiro a adicionar uma tag!

MARC

LEADER 00000nbm a2200000 4500
001 0154711
005 20161109102139.5
041 0 |a slo 
044 |a SK 
245 1 0 |a České účtovné štandardy a ich rámcové porovnanie so slovenskou legislatívou  |b diplomová práca  |c Tomáš Geffert ; školiteľ: Miloš Tumpach 
264 1 |a Bratislava  |c 2012 
300 |a 67 s. 
100 1 |a Geffert, Tomáš 
700 1 |a Tumpach, Miloš, 1970- 
710 2 |a Fakulta hospodárskej informatiky EU. Katedra účtovníctva a audítorstva